Riconosci il VIP dal suo username Instagram - Statistics

Statistiche generali
  • Questo quiz è stato fatto 149 volte
    144 dall'ultimo reset
  • Il punteggio medio è 8 su 17
Statistiche sulle risposte
Username Instagram Professione Personaggio famoso % Corretto
@ cristiano calciatore Cristiano Ronaldo
95%
@ valeyellow46 pilota Valentino Rossi
87%
@ djokernole tennista Novak Djokovic
71%
@ jlo cantante Jennifer Lopez
67%
@ spina_leo calciatore Leonardo Spinazzola
67%
@ greg_palt nuotatore Gregorio Paltrinieri
66%
@ therock attore Dwayne Johnson
57%
@ badgalriri cantante Rihanna
49%
@ _rl9 calciatore Robert Lewandowski
45%
@ shaq cestista Shaquille O'Neal
45%
@ teddysphotos cantautore Ed Sheeran
44%
@ prattprattpratt attore Chris Pratt
40%
@ champagnepapi rapper e cantante Drake
35%
@ gisele modella Gisele Bündchen
20%
@ sophiet attrice Sophie Turner
18%
@ easymoneysniper cestista Kevin Durant
16%
@ honeymoon cantautrice Lana Del Rey
16%
Nessun quiz corrispondente trovato
Distribuzione punteggi
Percentuale di utenti per punteggio
Percentile per numero di risposta
I tuoi punteggi nel tempo
Non hai fatto questo quiz dall'ultimo reset